LEADER 01097nam a2200241 i 4500 001 000000044136 003 CaOOAMICUS 005 20091002000000.0 008 091002s1973 it u000 u ita u 013 $a15306 040 $aSeMil$bita 100 1 $aPannenberg, Wolfhart,$d<1928-2014>.$0(OLS)http://semarc/name/3356 240 14$aDas Glaubenbekenntnis ausgelegt und verantwortet vor den Fragen der Gegenwart.$0(OLS)http://semarc/title/65150 245 13$aIl Credo e la fede dell'uomo d'oggi /$cWolfhart Pannenberg ; presentazione di Giuseppe Barbaglio. 260 $aBrescia :$bMorcelliana,$c1973. 300 $a191 p. ;$c22 cm. 650 4$aFede.$0(OLS)http://semarc/subject/589 650 4$aCredo cattolico.$0(OLS)http://semarc/subject/3362 700 1 $aBarbaglio, Giuseppe,$d<1934-2007>.$0(OLS)http://semarc/name/2630 850 $aSeMil 852 $aSeMil$W1$xVenegono$y1$m2B III 324$j10291$B10291$CSeMilBibl$Z2$F10291 $81 996 $6245$aIl Credo e la fede dell'uomo d'oggi$9(OLS)http://semarc/title/65149 996 $6260$aBrescia :$bMorcelliana$9(OLS)http://semarc/publisher/29629 LEADER 00823nam a2200205 i 4500 001 000000073255 003 CaOOAMICUS 005 20090525000000.0 008 090525s1977 it u000 u ita u 013 $a44427 040 $aSeMil$bita 245 10$aDalle origini alla riforma cattolica. 260 $aBrescia :$bLa Scuola,$c1977. 300 $a792 p. ;$c25 cm. 650 4$aPedagogia - Storia - Origini-Sec. 17. - Saggi.$0(OLS)http://semarc/subject/14857 773 0 $tNuove questioni di storia della pedagogia.$dBrescia : La Scuola, 1977.$gVol.1$w()1289 850 $aSeMil 852 $aSeMil$W1$xVenegono$y1$m2Q IV 184$j39407$B39407$CSeMilBibl$Z2$F39411 $81 996 $6245$aDalle origini alla riforma cattolica$9(OLS)http://semarc/title/118275 996 $6260$aBrescia :$bLa Scuola$9(OLS)http://semarc/publisher/29831